000 00557nam a2200229Ia 4500
003 OSt
005 20221005121806.0
006 a|||||r|||| 00| 0
007 ta
008 221004b |||||||| |||| 00| 0 eng d
024 _a39811
037 _cTextual
040 _aCRL
_cCRL
_beng
041 _2eng
_aeng
082 _aO111,3M94,25, K8
100 _aPriestley J B
245 0 _aImage men
260 _c1968
650 _aENGLISH LITERATURE
942 _hO111,3M94,25, K8
_cTEXL
_2cc
999 _c1042280
_d1042280